[Event "Oslo ASKO Hostturnering"]
[Site "Oslo"]
[Date "2006.12.05"]
[Round "7"]
[White "Olsen, Alf Marius Foss"]
[Black "Sorseth, Gjermund"]
[Result "1/2-1/2"]
[WhiteElo "1440"]
[BlackElo "1837"]
[PlyCount "150"]
[EventDate "2006.09.12"]
[EventType "swiss"]
[EventRounds "7"]
[EventCountry "NOR"]
[SourceTitle "EXT 2008"]
[Source "ChessBase"]
[SourceDate "2007.11.25"]
[SourceVersion "1"]
[SourceVersionDate "2007.11.25"]
[SourceQuality "1"]

1. Nf3 c5 2. g3 b6 3. Bg2 Bb7 4. b3 Nf6 5. Bb2 e6 6. 0-0 Be7 7. d4 cxd4 8. Bxd4 0-0 9. c4 d5 10. Nbd2 Qd6 11. cxd5 Bxd5 12. Nc4 Qc6 13. Nce5 Qb7 14. Rc1 Nc6 15. Nxc6 Bxc6 16. Qc2 Rac8 17. Qb2 Qa6 18. b4 Bb5 19. Rxc8 Rxc8 20. a4 Qxa4 21. Ra1 Qxb4 22. Qa2 Bc5 23. Bxc5 Qxc5 24. Qxa7 Bxe2 25. Qb7 Bxf3 26. Bxf3 g6 27. Ra7 Rf8 28. Ra6 Nd5 29. Bxd5 Qxd5 30. Rxb6 Qxb7 31. Rxb7 Kg7 32. Kg2 Rd8 33. Kf3 Kf6 34. g4 Rd5 35. h4 h6 36. Rb4 Rd3+ 37. Kg2 Ra3 38. f3 Rc3 39. Kg3 Kg7 40. Rf4 Rc5 41. Rd4 Ra5 42. Rb4 Rd5 43. Rb7 Kf8 44. Ra7 Ke8 45. Kf4 h5 46. g5 Rd7 47. Ra4 Ke7 48. Ke5 Rd5+ 49. Ke4 f5+ 50. Ke3 e5 51. Ra6 Rd6 52. Ra7+ Ke6 53. Ra5 Rb6 54. Kf2 Rb2+ 55. Kg1 Rd2 56. Rb5 e4 57. fxe4 fxe4 58. Rb6+ Rd6 59. Rb4 Kf5 60. Kf2 Kf4 61. Ke2 Re6 62. Rb1 Kg3 63. Rh1 Kg2 64. Rf1 Kg3 65. Rh1 Re5 66. Ke3 Rf5 67. Kxe4 Rf4+ 68. Ke5 Rxh4 69. Rxh4 Kxh4 70. Kf6 Kg3 71. Kxg6 h4 72. Kf6 h3 73. g6 h2 74. g7 h1Q 75. g8Q+ Kf2 1/2-1/2

[Event "Aslo ASKO CC-ch Group-A"]
[Site "Oslo"]
[Date "2006.05.02"]
[Round "7"]
[White "Arnstein, Lade"]
[Black "Olsen, Alf Marius Foss"]
[Result "1-0"]
[WhiteElo "1563"]
[BlackElo "1438"]
[PlyCount "95"]
[EventDate "2006.02.07"]
[EventType "tourn"]
[EventRounds "9"]
[EventCountry "NOR"]
[SourceTitle "EXT 2008"]
[Source "ChessBase"]
[SourceDate "2007.11.25"]
[SourceVersion "1"]
[SourceVersionDate "2007.11.25"]
[SourceQuality "1"]

1. f4 d5 2. Nf3 c5 3. b3 Bf5 4. Bb2 Nf6 5. e3 e6 6. c4 Nc6 7. cxd5 exd5 8. Bb5 Be7 9. Ne5 Rc8 10. 0-0 0-0 11. d4 Ne4 12. Nd2 f6 13. Nxc6 bxc6 14. Nxe4 cxb5 15. Ng3 Bg6 16. dxc5 Bxc5 17. Bd4 Qb6 18. f5 Bf7 19. Rc1 Rfe8 20. Rxc5 Rxc5 21. b4 Qa6 22. Bxc5 Qxa2 23. Qa1 Qc4 24. Rc1 Qd3 25. Qc3 Qc4 26. Qa3 Qg4 27. Qxa7 h5 28. Qa2 h4 29. Qe2 Qg5 30. Nf1 Qxf5 31. Qxb5 d4 32. Qe2 dxe3 33. Nxe3 Qg5 34. Qg4 Qh6 35. Qd4 h3 36. g3 f5 37. Rf1 Qc6 38. Rf2 Re4 39. Qd2 Qe6 40. Rf1 g6 41. Qc3 Be8 42. Rd1 f4 43. Nd5 fxg3 44. Nf6+ Kf7 45. Nxe4 gxh2+ 46. Kxh2 Qxe4 47. Rf1+ Ke6 48. Re1 1-0

[Event "Aslo ASKO CC-ch Group-A"]
[Site "Oslo"]
[Date "2006.02.07"]
[Round "1"]
[White "Olsen, Alf Marius Foss"]
[Black "Hole, Oystein"]
[Result "0-1"]
[WhiteElo "1438"]
[BlackElo "2348"]
[PlyCount "88"]
[EventDate "2006.02.07"]
[EventType "tourn"]
[EventRounds "9"]
[EventCountry "NOR"]
[SourceTitle "EXT 2008"]
[Source "ChessBase"]
[SourceDate "2007.11.25"]
[SourceVersion "1"]
[SourceVersionDate "2007.11.25"]
[SourceQuality "1"]

1. e4 c6 2. d4 d5 3. exd5 cxd5 4. Nf3 Nf6 5. Bd3 Bg4 6. 0-0 Nc6 7. c3 e6 8. Bg5 Be7 9. Nbd2 Bh5 10. Re1 a6 11. a4 0-0 12. Qc2 Bg6 13. h3 Qc7 14. Bh4 Nb4 15. cxb4 Qxc2 16. Bxc2 Bxc2 17. Rec1 Rfc8 18. b5 Bb4 19. b6 a5 20. Bg3 Ne8 21. Bc7 Nxc7 22. Rxc2 Ne8 23. Rac1 Rxc2 24. Rxc2 f6 25. Nb3 Ra6 26. Kf1 Rxb6 27. Nc5 Rc6 28. Re2 Bxc5 29. dxc5 e5 30. b4 axb4 31. Rb2 Rxc5 32. Rxb4 Rc7 33. Ke2 Kf7 34. Nd2 Nd6 35. f3 Ke6 36. Kd3 f5 37. f4 exf4 38. Rxf4 Ne4 39. Nf3 g6 40. g4 fxg4 41. hxg4 Rc3+ 42. Ke2 Rc4 43. g5 Nc3+ 44. Ke3 Nd1+ 0-1

[Event "Oslo ASKO Hostturnering"]
[Site "Oslo"]
[Date "2005.11.01"]
[Round "5"]
[White "Olsen, Alf Marius Foss"]
[Black "Sjol, Henrik"]
[Result "1-0"]
[WhiteElo "1384"]
[BlackElo "1656"]
[PlyCount "71"]
[EventDate "2005.09.06"]
[EventType "swiss"]
[EventRounds "7"]
[EventCountry "NOR"]
[SourceTitle "EXT 2009"]
[Source "ChessBase"]
[SourceDate "2008.11.26"]
[SourceVersion "1"]
[SourceVersionDate "2008.11.26"]
[SourceQuality "1"]

1. e4 c5 2. Bc4 e6 3. Nc3 Nc6 4. d3 a6 5. a4 Qc7 6. Nf3 b6 7. 0-0 Bb7 8. Be3 Be7 9. Ne2 Nf6 10. Bf4 d6 11. c3 Rd8 12. Qc2 Na5 13. Ba2 c4 14. Ng3 cxd3 15. Qxd3 Nc6 16. Bc4 Ne5 17. Bxe5 dxe5 18. Qe2 Ra8 19. Bb3 0-0 20. Nd2 Rfd8 21. Rfd1 Rd7 22. Ngf1 Rad8 23. Bc2 Qc6 24. Ne3 Bc5 25. Nec4 Qc7 26. Kh1 b5 27. axb5 axb5 28. Na5 Ba8 29. f3 Qb6 30. Ndb3 Be3 31. Rxd7 Rxd7 32. Nc4 bxc4 33. Rxa8+ Rd8 34. Qxe3 cxb3 35. Qxb6 Rxa8 36. Qxb3 1-0